000
00318pab a2200121 454500
008
180718b xxu||||| |||| 00| 0 eng d
100
_a
Kaniyalil, John
245
_a
Defence industries in Pakistan
650
_a
National Defence
650
_a
Defence, National - Pakistan
773
_a
Strategic Analysis
909
_a
24306
999
_c
24306
_d
24306